<The> unbearable statbility of the German wage structure evidence and interpretation
Salvato in:
| Autore principale: | |
|---|---|
| Natura: | Libro |
| Lingua: | inglese |
| Pubblicazione: |
Washington
International Monetary Fund
2000
|
| Serie: | IMF Working Paper
WP/00/22 |
| Soggetti: | |
| Tags: |
Nessun Tag, puoi essere il primo ad aggiungerne!!
|
MARC
| LEADER | 00000nam a2200000 4500 | ||
|---|---|---|---|
| 001 | c124141 | ||
| 005 | 20221221083842.8 | ||
| 041 | 0 | |a eng | |
| 044 | |a US | ||
| 245 | 1 | 0 | |a <The> unbearable statbility of the German wage structure |b evidence and interpretation |c Eswar S. Prasad |
| 264 | 1 | |a Washington |b International Monetary Fund |c 2000 | |
| 300 | |a 52 s. | ||
| 490 | 1 | |a IMF Working Paper |v WP/00/22 | |
| 830 | 0 | |a IMF Working Paper |v WP/00/22 | |
| 610 | 2 | 0 | |a mzdy |
| 610 | 2 | 0 | |a štruktúra mzdy |
| 610 | 2 | 0 | |a Nemecko |
| 610 | 2 | 0 | |a politika mzdová |
| 610 | 2 | 0 | |a odmeňovanie |
| 610 | 2 | 0 | |a platy |
| 610 | 2 | 0 | |a trh práce |
| 100 | 1 | |a Prasad, Eswar S. | |